| 000 | 00853nam a22002417a 4500 | ||
|---|---|---|---|
| 003 | URS | ||
| 005 | 20260324083943.0 | ||
| 008 | 260324b |||||||| |||| 00| 0 eng d | ||
| 020 | _a9786214092826 | ||
| 040 | _cURS | ||
| 050 |
_aLC 220.5 _b.D3702 2024 |
||
| 100 | _aGasilla-Dela Cruz, Sonia | ||
| 245 |
_aNational development via national service training program (RA 9163) common modules for CWTS, LTS and ROTC / _cSonia Gasilla-Dela Cruz... [and two others.] |
||
| 250 | _aSecond Edition.-- | ||
| 264 |
_aMandaluyong City : _bBooks Atbp. Publishing Corp., _c© 2024. |
||
| 300 |
_aviii, 254 pages : _billustrations ; _c23 cm. |
||
| 504 | _aIncludes bibliographical references. | ||
| 650 | _aCivics -- Philippines | ||
| 650 | _aService learning -- Philippines | ||
| 700 | _aMapue, Paulino M. | ||
| 700 | _aRosales, German B. | ||
| 942 |
_2lcc _cF |
||
| 999 |
_c99179 _d99176 |
||